Anuari socioeconòmic del Baix Llobregat 2008
Descripción Física:
177 p. : il. gràfics, taules ; 30 cm
MARC
| LEADER | 00000nam a2200000Ia 4500 | ||
|---|---|---|---|
| 001 | 23995 | ||
| 008 | 160829s2009 xx 000 0 cat d | ||
| 080 | |a Bib-130 | ||
| 245 | |a Anuari socioeconòmic del Baix Llobregat 2008 | ||
| 260 | |a [Barcelona] : |b Consell Comarcal del Baix Llobregat, |c 2009 | ||
| 300 | |a 177 p. : |b il. gràfics, taules ; |c 30 cm | ||
| 650 | |a Indicadors econòmics |x Baix Llobregat |9 49400 | ||
| 650 | |a Producte interior brut |x Baix Llobregat |9 49401 | ||
| 650 | |a Demografia |x Baix Llobregat I |9 49402 | ||
| 650 | |a Baix Llobregat |x Població |9 49404 | ||
| 650 | |a Anuaris |9 49405 | ||
| 651 | 0 | |a Baix Llobregat (Catalunya) |x Condicions econòmiques |9 54160 | |
| 710 | 1 | |a Baix Empordà (Catalunya). |b Consell Comarcal |9 51460 | |
| 710 | 2 | |a Servei d'Ocupació de Catalunya |9 51331 | |
| 710 | 2 | |a Fons Social Europeu |9 7014 | |
| 901 | |a Arxiu | ||
| 942 | |n 1 | ||
| 952 | |0 0 |1 0 |4 0 |6 BIB130 |7 1 |9 55303 |a Arxiu |b Arxiu |d 2016-12-01 |l 0 |o Bib-130 |p 23995 |r 2016-12-01 00:00:00 |w 2016-12-01 |y ARXIU | ||
| 999 | |c 59176 |d 59176 | ||